Využitie REN analýzy pre výber a porovnanie nehnuteľností

Definícia REN analýzy a možnosti jej využitia. Práca s REN analýzou a jej členenie. Vyhodnotenie REN analýzy v praxi.

Na minha lista:
Detalhes bibliográficos
Autor principal: Adamuščin, Andrej
Formato: Capítulo de Livro
Idioma:eslovaco
Assuntos:
Tags: Adicionar Tag
Sem tags, seja o primeiro a adicionar uma tag!

MARC

LEADER 00000naa$a2200000$$$4500
001 0108632
005 20220715094047.7
041 0 |a slo 
044 |a SK 
245 1 0 |a Využitie REN analýzy pre výber a porovnanie nehnuteľností  |c Andrej Adamuščin 
520 |a Definícia REN analýzy a možnosti jej využitia. Práca s REN analýzou a jej členenie. Vyhodnotenie REN analýzy v praxi. 
610 2 0 |a trh bytový 
610 2 0 |a nehnuteľnosti 
610 2 0 |a budovy 
610 2 0 |a analýzy 
610 2 0 |a ponuka 
610 2 0 |a dopyt 
610 2 0 |a klienti 
100 1 |a Adamuščin, Andrej